| 000 | 00769cam a2200253 4500 | ||
|---|---|---|---|
| 001 | ABS62857 | ||
| 008 | 000000n2000 000 0 eng u | ||
| 035 | _a(Sirsi) u108737 | ||
| 245 | _aFocus 2000: M25 South West | ||
| 260 | _c2000 | ||
| 490 |
_aEstates Gazette _v(0040) 7 October 2000, 87-125(12) |
||
| 590 | _aABS | ||
| 650 | _aM25 CORRIDOR | ||
| 650 | _aPROPERTY-COMMERCIAL PROPERTY-RETAIL PROPERTY-RETAIL PROPERTY MARKET | ||
| 650 | _aLEISURE MARKET | ||
| 650 | _aPROPERTY-COMMERCIAL PROPERTY-OFFICE PROPERTY-OFFICE PROPERTY MARKET | ||
| 650 | _aAIRPORTS | ||
| 650 | _aINDUSTRIAL MARKET | ||
| 650 | _aSOUTHALL | ||
| 650 | _aHEATHROW | ||
| 650 | _aLUTON AIRPORT | ||
| 690 | _aPROPERTY-COMMERCIAL PROPERTY-COMMERCIAL PROPERTY MARKET | ||
| 942 | _n0 | ||
| 999 |
_c64914 _d64914 |
||